Normal view
MARC view
- Chung, Kevin C.
Entry Personal Name
001 - CONTROL NUMBER
- control field: 126890
003 - CONTROL NUMBER IDENTIFIER
- control field: NUST
005 - DATE AND TIME OF LATEST TRANSACTION
- control field: 20241112110750.0
008 - FIXED-LENGTH DATA ELEMENTS
- fixed length control field: 241112|| aca||aabn | a|a d
040 ## - CATALOGING SOURCE
- Original cataloging agency: NUST
- Transcribing agency: NUST
100 ## - HEADING--PERSONAL NAME
- Personal name: Chung, Kevin C.
670 ## - SOURCE DATA FOUND
- Source citation: Work cat.: (NUST)0: Grabb and Smith's plastic surgery /
